Comparative employment relations/ (Record no. 38638)

MARC details
000 -LEADER
fixed length control field 00823nam a22002297a 4500
005 - DATE AND TIME OF LATEST TRANSACTION
control field 20100802132924.0
010 ## - LCCN (DPL NO)
LC control number ENG-97509
020 ## - INTERNATIONAL STANDARD BOOK NUMBER
International Standard Book Number 9788191052558
Terms of availability 795.00
035 ## - SYSTEM CONTROL NUMBER
System control number EN-81042
037 ## - SOURCE OF ACQUISITION
Source of stock number/acquisition DBAD/PUB
082 ## - DEWEY DECIMAL CLASSIFICATION NUMBER
Classification number 331
100 ## - MAIN ENTRY--PERSONAL NAME
Personal name Datt, K.D. Brahma
245 ## - TITLE STATEMENT
Title Comparative employment relations/
Statement of responsibility, etc by K.D. Brahma Datt
260 ## - PUBLICATION, DISTRIBUTION, ETC. (IMPRINT)
Place of publication, distribution, etc Delhi
Name of publisher, distributor, etc Akhand Publishing House
Date of publication, distribution, etc 2010
270 ## - ADDRESS
Address L-9A, 1st Floor, Street No. 42 Sadatpur Extension
City Delhi
Postal code 110094
300 ## - PHYSICAL DESCRIPTION
Extent 270p.
Dimensions 22cm (Hb)
500 ## - GENERAL NOTE
General note Includes bibliographical references and index
650 ## - SUBJECT ADDED ENTRY--TOPICAL TERM
Topical term or geographic name as entry element Comparative Industrial Relations
650 ## - SUBJECT ADDED ENTRY--TOPICAL TERM
Topical term or geographic name as entry element Industrial Relations
942 ## - ADDED ENTRY ELEMENTS (KOHA)
Source of classification or shelving scheme Dewey Decimal Classification
Item type English Books
Classification part 331
Call number suffix DAT
Holdings
Withdrawn status Lost status Not for loan Collection code Home library Current library Date acquired Source of acquisition Cost, normal purchase price Full call number Barcode Copy number Cost, replacement price Koha item type
    Not For Loan Non-fiction D.B.Act.Division D.B.Act.Division 03/08/2010 DBAD/PUB 795.00 331 DAT EN-81042 1 795.00 English Books

© Delhi Public Library
Hit Counter
free hit counter